000
00338 a2200157 4500
001
75327
020
_a
040
_c
Anchieta - Colégio São Paulo
100
_a
Kubitschek, Juscelino
240
1
0
_a
A escalada política
_l
por
245
1
0
_a
A escalada política
300
_a
502
362
0
_a
1976
650
4
_a
Brasil
942
_c
BK
999
_c
75327
_d
75327